00381nam a2200157Ia 4500008004100000020001500041041001200056082001100068100001500079245004500094250000900139260003500148300000900183650001900192700001200211221030s9999 xx 000 0 und d a8131718674 aEnglish a105.23 aM. D. Weir 0aThomas` Calculuscby M. D. Weir, J. Hass a11th bPearson EdcuationaDelhic2009 a1228 aBE Mathematics aJ. Hass